Medzinárodná ekonomická integrácia a Európska únia]

Recenzia publikácie: Šíbl, D.: Medzinárodná ekonomická integrácia a Európska únia. Bratislava, Ekonom 1998, 180 s. Integrácia vo svete i v našom ekonomickom priestore - téma súčasnosti. Publikácia poskytuje ucelený pohľad na príčiny, účinky a trendy integračných procesov.

Gespeichert in:
Bibliographische Detailangaben
1. Verfasser: Svobodová, Valéria
Format: Buchkapitel
Sprache:Slowakisch
Schlagworte:
Tags: Tag hinzufügen
Keine Tags, Fügen Sie das erste Tag hinzu!

MARC

LEADER 00000naa a2200000 4500
001 r033692
005 20230918075340.0
041 0 |a slo 
044 |a SK 
245 1 0 |a Medzinárodná ekonomická integrácia a Európska únia]  |c Valéria Svobodová 
520 |a Recenzia publikácie: Šíbl, D.: Medzinárodná ekonomická integrácia a Európska únia. Bratislava, Ekonom 1998, 180 s. Integrácia vo svete i v našom ekonomickom priestore - téma súčasnosti. Publikácia poskytuje ucelený pohľad na príčiny, účinky a trendy integračných procesov. 
610 2 0 |a integrácia ekonomická medzinárodná 
610 2 0 |a Slovensko 
610 2 0 |a Európska únia 
610 2 0 |a recenzie 
100 1 |a Svobodová, Valéria